Election manifesto, Indian National Congress, 1957 (Record no. 479893)

000 -LEADER
fixed length control field 00327cam a22001097a 4500
008 - FIXED-LENGTH DATA ELEMENTS--GENERAL INFORMATION
fixed length control field 180718b1957 xxu||||| |||| 00| 0 eng d
082 ## - DEWEY DECIMAL CLASSIFICATION NUMBER
Classification number F51x5401 In2e/57
245 ## - TITLE STATEMENT
Title Election manifesto, Indian National Congress, 1957
260 ## - PUBLICATION, DISTRIBUTION, ETC.
Place of publication, distribution, etc. Delhi
Name of publisher, distributor, etc. Indian National Congress
Date of publication, distribution, etc. 1957
300 ## - PHYSICAL DESCRIPTION
Extent 19p.
650 ## - SUBJECT ADDED ENTRY--TOPICAL TERM
Topical term or geographic name entry element Election manifesto - India
Holdings
Withdrawn status Lost status Damaged status Not for loan Permanent Location Current Location Date acquired Full call number Barcode Date last seen Price effective from Koha item type
        Indian Institute of Public Administration Indian Institute of Public Administration 2018-08-04 F51x5401 In2e/57 GR4977 2018-08-04 2018-08-04 GR
        Indian Institute of Public Administration Indian Institute of Public Administration 2018-08-04 F51x5401 In2e/57 GR4976 2018-08-04 2018-08-04 GR

Powered by Koha